| 000 | 01155nam a2200289Ia 4500 | ||
|---|---|---|---|
| 005 | 20211111074633.0 | ||
| 008 | 130821s2002 ck gr spa | ||
| 020 | _a9587011295 | ||
| 040 |
_aCo-BoUCM _bspa |
||
| 041 | 0 | 0 | _aspa |
| 111 | 1 |
_aCátedra Manuel Ancízar. Pensar la ciudad: una mirada hacia el próximo milenio.Facultad de Artes (I-1999) _9163562 |
|
| 245 | 1 | 3 |
_aLa ciudad hábitat de diversidad y complejidad _cCarlos Alberto Torres Tovar, compiladores |
| 250 | _a2a. ed. | ||
| 260 |
_aBogotá (Colombia) _bUniversidad Nacional de Colombia _c2002 |
||
| 300 | _a349 páginas | ||
| 504 | _aIncluye bibliografía | ||
| 650 | 0 | 4 |
_aCiudades y pueblos _vAspectos sociales _zColombia _910961 |
| 650 | 0 | 4 |
_aCiudades y pueblos _xArquitectura _zColombia _910961 |
| 650 | 0 | 4 |
_aSociología urbana _zColombia _945140 |
| 650 | 0 | 4 |
_aSociología _9386 |
| 650 | 0 | 4 |
_aUrbanismo _925989 |
| 650 | 0 | 4 |
_aUrbanismo _zColombia _945141 |
| 700 | 1 |
_aTorres Tovar, Carlos Alberto _9163563 |
|
| 710 | 1 |
_aUniversidad Nacional de Colombia (Bogotá). _bFacultad de Artes _9141820 |
|
| 942 |
_cLIBRO _a5 _e2 _mC357c _2DEWEY _h307.76 |
||
| 999 |
_c53062 _d53062 |
||